Sports Quiz

Random Sports or Hockey Quiz

NHL All-Star MVPs Quiz Stats

 Plays Quiz Updated Feb 7, 2020

Support Sporcle.
Go Orange.
Score 0/50 Timer 07:00
0 Plays Today
Year Winner % Correct
1983Wayne Gretzky
87.9%
1989Wayne Gretzky
87.9%
1999Wayne Gretzky
87.9%
2019Sidney Crosby
86.6%
1985Mario Lemieux
75.5%
1988Mario Lemieux
75.5%
1990Mario Lemieux
75.5%
2004Joe Sakic
71.2%
2020David Pastrnak
65.7%
2008Eric Staal
63.4%
1992Brett Hull
58.9%
1970Bobby Hull
58.7%
1971Bobby Hull
58.7%
2016John Scott
53.3%
1998Teemu Selanne
51.3%
1965Gordie Howe
50.8%
1972Bobby Orr
50.7%
2018Brock Boeser
48.8%
2009Alexei Kovalev
48.6%
2003Dany Heatley
47.5%
1996Ray Bourque
42.4%
2007Daniel Briere
38.9%
2000Pavel Bure
37%
1982Mike Bossy
36.8%
1994Mike Richter
34%
Year Winner % Correct
2012Marian Gaborik
33.8%
1967Henri Richard
29.6%
1986Grant Fuhr
28.5%
1978Billy Smith
22.2%
2017Wayne Simmonds
19.6%
2002Eric Daze
17.6%
1964Jean Beliveau
17.3%
2015Ryan Johansen
15.5%
1993Mike Gartner
15.2%
2011Patrick Sharp
14.8%
1997Mark Recchi
13.9%
1991Vincent Damphousse
13%
2001Bill Guerin
10.5%
1963Frank Mahovlich
10.2%
1969Frank Mahovlich
10.2%
1976Peter Mahovlich
10.1%
1977Rick Martin
9.9%
1980Reggie Leach
9.3%
1975Syl Apps Jr.
6.6%
1981Mike Liut
5.8%
1974Garry Unger
3.9%
1984Don Maloney
3.2%
1962Eddie Shack
2.4%
1973Greg Polis
1.8%
1968Bruce Gamble
1.5%

From the Vault

MLB Triple Crown Winners

by bas622

Sports 4m
Has anyone heard anything about a triple crown today?
Remove Ads.
Support Sporcle.
Get the best of Sporcle when you Go Orange. This ad-free experience offers more features, more stats, and more fun while also helping to support Sporcle. Thank you for becoming a member.

Show Comments

Extras

Top Quizzes Today


Score Distribution

Your Account Isn't Verified!

In order to create a playlist on Sporcle, you need to verify the email address you used during registration. Go to your Sporcle Settings to finish the process.

Report this User

Report this user for behavior that violates our Community Guidelines.

Details: